Parable of the Loaned Money - Bible Quiz - Statistics

General Stats
  • This quiz has been taken 9 times
  • The average score is 13 of 23
Answer Stats
Hint Answer % Correct
Then the man who had received ___ bag of gold came. one
88%
So take the bag of gold from him and give it to the one who has ___ bags. ten
88%
The man who had received five bags of gold went at once and put his money to work and gained ____ bags more. five
75%
To one he gave five bags of ____, to another two bags, and to another one bag, each according to his ability. gold
75%
But the man who had received one bag went off, dug a hole in the ground, and ___ his master's money. hid
75%
After a long time the master of those servants ________ and settled accounts with them. The man who had received five bags of gold brought the other five. returned
75%
So also, the one with two bags gained ___ more. two
75%
His master replied, 'Well done my good and ________ servant! You have been ________ with a few things; I will put you in charge of many things. Come and share your master's happiness!' faithful
63%
His master replied, 'Well done, ____ and faithful servant! good
63%
Then he went on his _______. journey
63%
Whoever does not have, even what they have will be _____ from them. taken
63%
The man with two bags of gold also came. 'Master,' he said, 'you _________ me with two bags of gold; see, I have gained two more.' entrusted
50%
'Master,' he said, 'you entrusted me with five bags of gold. See I have ______ five more.' gained
50%
You have been faithful with a few things; I will put you in charge on ____ things. many
50%
For whoever has will be given ____, and they will have an abundance. more
50%
Well then, you should have put the money on deposit with the _______, bankers
38%
And throw that worthless servant outside, into the darkness, where there will be weeping and ________ of teeth.'" gnashing
38%
Come and share your master's _________!' happiness
38%
so that when I returned I would have received it back with ________. interest
38%
'Master,' he said, 'I knew that you are a hard man, harvesting where you have not sown and gathering where you have not scattered ____. seed
38%
"'Again, it will be like a man going on a journey, who called his servants and entrusted his ______ to them. wealth
38%
So I was ______ and went out and hid your gold in the ground. See, here is what belongs to you.' afraid
25%
His master replied, 'You wicked, ____ servant! So you know that I harvest where I have not sown and gather where I have not scattered seed. lazy
25%
No matching quizzes found
Score Distribution
Percent of People with Each Score
Percentile by Number Answered
Your Score History
You have not taken this quiz